LIBRARY ONLINE CATALOGUE

Managerial economics : (Record no. 18894)

MARC details
000 -LEADER
fixed length control field 00739cam a22002532 4500
001 - CONTROL NUMBER
control field 0000001637
003 - CONTROL NUMBER IDENTIFIER
control field OSt
005 - DATE AND TIME OF LATEST TRANSACTION
control field 20210419133638.0
008 - FIXED-LENGTH DATA ELEMENTS--GENERAL INFORMATION
fixed length control field 070320s xx 000 0 eng d
020 ## - INTERNATIONAL STANDARD BOOK NUMBER
International Standard Book Number 1305506383
040 ## - CATALOGING SOURCE
Original cataloging agency KABU
Transcribing agency KABU
050 #0 - LIBRARY OF CONGRESS CALL NUMBER
Classification number HD30.22
Item number .M33 2017 c.1
100 1# - MAIN ENTRY--PERSONAL NAME
Personal name McGuigan, James R.
245 10 - TITLE STATEMENT
Title Managerial economics :
Remainder of title applications, strategy and tactics /
Statement of responsibility, etc. James R. McGuigan
250 ## - EDITION STATEMENT
Edition statement 14th ed.
260 ## - PUBLICATION, DISTRIBUTION, ETC. (IMPRINT)
Place of publication, distribution, etc. Mason, Ohio :
Name of publisher, distributor, etc. South-Western,
Date of publication, distribution, etc. 2017
300 ## - PHYSICAL DESCRIPTION
Extent 3 vol (various pagings)
650 #0 - SUBJECT ADDED ENTRY--TOPICAL TERM
Topical term or geographic name as entry element Managerial economics.
700 1# - ADDED ENTRY--PERSONAL NAME
Personal name Moyer, R. Charles.
700 1# - ADDED ENTRY--PERSONAL NAME
Personal name Harris, Fredic H. deB.
908 ## - PUT COMMAND PARAMETER (RLIN)
Put command parameter 070320
942 ## - ADDED ENTRY ELEMENTS (KOHA)
Source of classification or shelving scheme Library of Congress Classification
Koha item type General Collection
Holdings
Withdrawn status Lost status Source of classification or shelving scheme Not for loan Home library Current library Date acquired Cost, normal purchase price Total Checkouts Full call number Barcode Date last seen Price effective from Koha item type
    Library of Congress Classification   Kabarak, Main Campus Kabarak, Main Campus 19/04/2021 4343.00   HD30.22 .M33 2017 c.1 032813 02/08/2024 19/04/2021 General Collection
    Library of Congress Classification   Kabarak, Main Campus Kabarak, Main Campus 19/04/2021 4343.00   HD30.22 .M33 2017 c.2 032814 02/08/2024 19/04/2021 General Collection
    Library of Congress Classification   Kabarak, Nakuru City Campus Kabarak, Nakuru City Campus 19/04/2021 4343.00   HD30.22 .M33 2017 c.1 032815 19/04/2021 19/04/2021 General Collection